000 00744nam a22002651 4500
001 436
003 BD-RjUL
005 20211208233158.0
008 131129r19661960enk 001 0 eng d
035 _a(BD-RjUL)453
035 _a(OCoLC)616303
040 _aDLC
_cODaU
_dUk
_dBD-RjUL
_beng
041 _aeng
082 0 4 _a025.33
_216
_bCOS 1966
100 1 _aCoates, Eric James
_d1916-
_91361
245 1 0 _aSubject catalogues :
_bheadings and structure /
_cE. J. Coates
260 _aLondon :
_bLibrary Association,
_cc1960 [repriented1966].
300 _a186 p. ;
_c23 cm.
504 _aIncludes index.
526 _blibrary science
650 0 _aSubject catalogs
_91362
942 _2ddc
_cBK
999 _c436
_d436